000 00582nam a22002417a 4500
003 UA-OsUOA
001 211
007 ta
008 20050525b un ||||| |||| 00| 0 ukr d
100 _aЖитник А.
090 _a821.161.2
_bЖ74
942 _cBK
040 _aUA-OsUOA
_bukr
_cUA-OsUOA
_dUA-OsUOA
245 _aСтрибок у прірву
_bПовісті. Оповідання
300 _a198 с.
955 _a3
041 _aukr
080 _a821.161.2
020 _a5-7720-0146-9
260 _aК.
_bМолодь
_c1989
650 7 _2UDC
999 _c286375
_d286375